APEC Schools

Called to serve : 11 outstanding Filipino role models / (Record no. 8216)

000 -LEADER
fixed length control field nam a22 7a 4500
005 - DATE AND TIME OF LATEST TRANSACTION
control field 20191017044753.0
008 - FIXED-LENGTH DATA ELEMENTS--GENERAL INFORMATION
fixed length control field 191017b xxu||||| |||| 00| 0 eng d
020 ## - IDENTIFIER FOR THE MANIFESTATION
Identifier for the Manifestation 9786214200474
Binding paperback
040 ## - CATALOGING SOURCE
Language of Cataloging eng
Transcribing Agency APEC Schools Library
Description Conventions rda
082 ## - DEWEY DECIMAL CLASSIFICATION NUMBER
Classification number F 361.37
Author's Number L933c 2016
100 ## - CREATOR
Preferred Name of the Person Lucas, Raquel S.
245 ## - TITLE AND STATEMENT OF RESPONSIBILITY
Preferred Title Proper Called to serve : 11 outstanding Filipino role models /
Statement of Responsibility/Parallel Statement of Responsibility Raquel S. Lucas,
-- Queena N. Lee-Chua
264 ## - PUBLICATION STATEMENT
Place of publication, distribution, etc Mandaluyong City :
Publisher's Name/Parallel Publisher's Name Anvil Publishing, Inc.,
Copyright ©2016.
300 ## - PHYSICAL DESCRIPTION
Extent 62 pages :
Illustrative Content illustrations ;
336 ## - RDA CONTENT
Source rdacontent
Content Type text
337 ## - RDA MEDIA
Source rdamedia
Media Type unmediated
338 ## - RDA CARRIER
Source rdacarrier
Carrier Type volume
600 ## - ADDED SUBJECT ACCESS POINT - PERSONAL NAME
Preferred Name of the Person Chua, Queena N. Lee
650 ## - ADDED SUBJECT ACCESS POINT - TOPICAL TERM
Topical Term Volunteer workers in social service
Preferred Name for the Place Philippines.
650 ## - ADDED SUBJECT ACCESS POINT - TOPICAL TERM
Topical Term Social advocacy
Preferred Name for the Place Philippines.
942 ## - ADDED ENTRY ELEMENTS (KOHA)
Source of Classification
Koha Item Type Non Fiction
Holdings
Library Site Location Shelving Location Source of Acquisition Full Classification Number Accession Number Koha Item Type
APEC C. Raymundo Library APEC C. Raymundo Library Filipiniana Institutional Fund F 361.37 L933c 2016 A07-0000356 Non Fiction
APEC Calumpang Library APEC Calumpang Library Filipiniana Institutional Fund F 361.37 L933c 2016 B10-0000414 Non Fiction
APEC Dasmarinas Library APEC Dasmarinas Library Filipiniana Institutional Fund F 361.37 L933c 2016 B03-0000429 Non Fiction
APEC España Library APEC España Library Filipiniana Institutional Fund F 361.37 L933c 2016 B11-0000314 Non Fiction
APEC Grace Park West Library APEC Grace Park West Library Filipiniana Institutional Fund F 361.37 L933c 2016 A09-0000376 Non Fiction
APEC Las Piñas Library APEC Las Piñas Library Filipiniana Institutional Fund F 361.37 L933c 2016 C01-0000362 Non Fiction
APEC Muntinlupa Library APEC Muntinlupa Library Filipiniana Institutional Fund F 361.37 L933c 2016 B01-0000338 Non Fiction
APEC New Manila Library APEC New Manila Library Filipiniana Institutional Fund F 361.37 L933c 2016 C03-0000342 Non Fiction
APEC Ortigas Extension, Cainta Library APEC Ortigas Extension, Cainta Library Filipiniana Institutional Fund F 361.37 L933c 2016 B09-0000356 Non Fiction
APEC Roxas Boulevard Library APEC Roxas Boulevard Library Filipiniana Institutional Fund F 361.37 L933c 2016 B06-0000317 Non Fiction
APEC Silangan, Pateros Library APEC Silangan, Pateros Library Filipiniana Institutional Fund F 361.37 L933c 2016 B07-0000414 Non Fiction
APEC Sta. Rita Library APEC Sta. Rita Library Filipiniana Institutional Fund F 361.37 L933c 2016 B02-0000423 Non Fiction
APEC Taytay Library APEC Taytay Library Filipiniana Institutional Fund F 361.37 L933c 2016 B08-0000341 Non Fiction
APEC Tondo Library APEC Tondo Library Filipiniana Institutional Fund F 361.37 L933c 2016 A10-0000332 Non Fiction
APEC V. Luna Library APEC V. Luna Library Filipiniana Institutional Fund F 361.37 L933c 2016 A01-0000364 Non Fiction

Powered by Koha